[Event "XIX Sants Open 2017"]
[Site "Cotxeres de Sants"]
[Date "2017.08.26"]
[Round "9"]
[White "Vocaturo, Daniele"]
[Black "Moroni, Luca Jr"]
[Result "1-0"]
[WhiteElo "2596"]
[BlackElo "2476"]
[Annotator "TA"]
[PlyCount "73"]
[EventDate "2017.??.??"]
[EventType "swiss"]
[EventCountry "ESP"]
[SourceTitle "playchess.com"]
[Source "ChessBase"]
[SourceQuality "1"]

{[%evp 21,73,28,35,26,43,27,34,39,39,27,37,32,31,13,26,35,24,37,208,208,197,196,214,220,210,208,218,195,204,218,204,185,196,197,197,179,288,203,245,184,306,300,270,289,455,443,575,569,584,564,585,570,533,497]} 1. e4 e5 2. Nf3 Nc6 3. Bb5 {[%cal Bf1b5,Bb5a4,Ba4b3][%mdl 32]} a6 4. Ba4 Nf6 5. O-O b5 6. Bb3 Bc5 7. a4 Rb8 {C78: Ruy Lopez: Archangelsk and Möller Defences} 8. Nxe5 Nxe5 9. d4 Bxd4 10. Qxd4 d6 11. Bf4 c5 {LiveBook: 3 Games} 12. Qd2 {Black must now prevent axb5.} O-O ({Reject} 12... Nxe4 $6 13. Qe3 $16) 13. f3 c4 14. Ba2 Be6 15. Nc3 {[%cal Bb1c3,Bc3e2,Be2d4][%mdl 32] [#]} b4 $146 16. Ne2 b3 17. Bb1 Ng6 18. cxb3 Rxb3 {[#] aiming for ...Qb6+.} 19. Nd4 ({But not} 19. Bxd6 Rd3 $17) 19... Qb6 $2 (19... Rb8 $14) 20. a5 $18 Qa7 21. Be3 ({Weaker is} 21. Bxd6 Rd8 $15) 21... Rxe3 22. Qxe3 Rb8 23. Qf2 Qc7 24. Rd1 Ne5 25. Nxe6 fxe6 26. Qd4 d5 27. exd5 exd5 28. Bf5 Qd6 (28... Rb5 $142 29. Re1 Nc6) 29. Rac1 g6 30. Bb1 Kg7 (30... Rb4 {was worth a try.} 31. Be4 Rb5) 31. f4 Nf7 32. Re1 Rb5 (32... Rb4 {was called for.} 33. f5 Nd8 34. fxg6 hxg6) 33. f5 {White is clearly winning.} gxf5 34. Bxf5 Qc5 35. Qxc5 Rxc5 36. Re7 Kf8 37. Re6 {Precision: White = 96%, Black = 29%.} 1-0

[Event "XIX Sants Open 2017"]
[Site "Cotxeres de Sants"]
[Date "2017.08.26"]
[Round "9"]
[White "Heimann, Andreas"]
[Black "Ramesh R B"]
[Result "1/2-1/2"]
[WhiteElo "2591"]
[BlackElo "2470"]
[Annotator "TA"]
[PlyCount "132"]
[EventDate "2017.??.??"]
[EventType "swiss"]
[EventCountry "ESP"]
[SourceTitle "playchess.com"]
[Source "ChessBase"]
[SourceQuality "1"]

{[%evp 16,132,25,19,23,20,13,18,16,7,20,10,16,16,16,16,16,17,18,16,16,18,18,17,27,16,16,19,19,14,16,10,11,13,18,0,0,0,0,0,94,94,94,94,94,94,99,99,106,94,155,137,110,94,163,40,59,30,30,30,30,30,30,0,6,0,0,0,0,0,0,0,0,0,0,0,0,0,0,0,0,0,0,0,0,0,0,0,0,0,0,0,0,0,0,0,0,0,0,0,0,0,0,0,0,0,0,0,0,0,0,0,0,0,0,0,0,0,0]} 1. c4 Nf6 2. Nc3 e5 3. Nf3 Nc6 4. g3 Bc5 5. Bg2 d6 6. O-O a6 {A29: English Opening: Four Knights Variation with 4 g3} 7. e3 Ba7 (7... O-O 8. a3 Ba7 9. b3 Bf5 10. d3 Qd7 11. Ng5 h6 12. Nge4 Nxe4 13. dxe4 Bh3 14. Bxh3 Qxh3 15. Nd5 Qd7 {0-1 (56) Kovalenko,I (2684)-Ponomariov,R (2709) Tallinn 2016}) 8. d4 O-O 9. h3 {LiveBook: 42 Games} exd4 10. Nxd4 Nxd4 11. exd4 Re8 $146 ({Predecessor:} 11... Rb8 12. b4 Re8 13. Qd3 h6 {0-1 (40) Kovacevic,B (2480)-Maslak,K (2561) Pardubice 2011}) 12. Be3 c6 13. Re1 Be6 14. d5 Bxe3 15. Rxe3 cxd5 16. Nxd5 Bxd5 17. Rxe8+ Qxe8 18. Bxd5 Nxd5 19. Qxd5 Qc6 $1 20. Qxc6 bxc6 $11 {[%mdl 4096] Endgame KR-KR} 21. Rd1 Rd8 22. Rd3 Kf8 23. Rb3 d5 24. cxd5 Rxd5 25. Rb6 Ra5 26. a3 c5 $1 27. Kf1 c4 (27... Rb5 $11 {remains equal.} 28. Rxa6 Rxb2) 28. Rc6 $16 Rb5 29. Rxc4 Rxb2 30. Rc6 a5 31. Rc5 a4 32. Rc4 Ra2 (32... Ke7 $142) 33. Rxa4 h5 34. h4 g6 {[#]} (34... Ke7 $16 {might work better.}) 35. Kg2 (35. Ra7 $1 $18) 35... Kg7 36. Kf3 f6 37. Ra7+ Kh6 $1 38. Ra6 Kg7 39. Ra7+ Kh6 $1 {The position is equal.} 40. a4 g5 41. hxg5+ fxg5 42. a5 Ra3+ 43. Kg2 {aiming for Ra8.} (43. Ke4 $5 {[%cal Ra7a6]} h4 44. Kf5 $16) 43... g4 44. a6 Ra1 $1 45. Ra8 (45. f3 $5 {[%cal Rf3g4]} Ra2+ 46. Kf1 Ra1+ 47. Kg2 Ra2+ 48. Kg1 Ra1+ 49. Kf2 Ra2+ 50. Kg1 Ra1+ 51. Kf2 Ra2+ 52. Kg1 $11) 45... Kg7 46. f4 gxf3+ 47. Kxf3 Rf1+ 48. Ke4 {Hoping for Kd5.} (48. Kg2 $5 {[%cal Rg2f1]} Ra1 49. Kf3 $18) 48... Rf6 49. Ke5 {Intending Rg8+! and mate.} (49. g4 $5 hxg4 50. a7 $11) 49... Rb6 50. Kf4 h4 51. g4 ({Weaker is} 51. gxh4 Rb5 $18) (51. a7 $5 {[%cal Ra8g8]} Ra6 52. gxh4 $18) 51... h3 {( -> ...h2)} 52. Kg3 (52. a7 $5 {[%cal Ra8g8]} Rb4+ 53. Kg3 Rb3+ 54. Kh2 $11) 52... Rb3+ 53. Kh2 Ra3 54. Ra7+ Kg6 55. Ra8 (55. g5 $5) 55... Kg7 56. a7 Kh7 57. g5 Kg7 {[#]} 58. g6 $1 {[%mdl 512]} Ra1 (58... Kxg6 59. Rg8+) 59. Kxh3 (59. Kg3 $5 {[%cal Rg3h3]} h2 60. Kxh2 $18) 59... Ra3+ 60. Kg4 {Kf4 is the strong threat.} Ra4+ 61. Kf5 {And now Ke6 would win.} Ra5+ 62. Ke6 {Threatens to win with Kd6.} Ra6+ 63. Kd7 {Strongly threatening Kc8.} Ra1 64. Rc8 Rxa7+ 65. Rc7 Rxc7+ 66. Kxc7 Kxg6 {Precision: White = 52%, Black = 85%.} 1/2-1/2

[Event "XIX Sants Open 2017"]
[Site "Cotxeres de Sants"]
[Date "2017.08.26"]
[Round "9"]
[White "Schroeder, Jan-Christian"]
[Black "Goh, Wei Ming Kevin"]
[Result "1-0"]
[WhiteElo "2539"]
[BlackElo "2446"]
[Annotator "TA"]
[PlyCount "137"]
[EventDate "2017.??.??"]
[EventType "swiss"]
[EventCountry "ESP"]
[SourceTitle "playchess.com"]
[Source "ChessBase"]
[SourceQuality "1"]

{[%evp 24,137,31,0,5,0,16,17,32,8,35,21,20,2,20,0,0,0,0,0,25,23,43,37,54,54,62,45,72,23,55,0,17,0,16,0,7,0,7,4,41,-26,0,-35,5,0,57,66,188,186,186,193,180,156,158,150,238,231,252,241,248,198,187,197,240,230,239,230,257,244,339,315,366,356,362,368,358,354,343,341,369,369,361,325,345,365,335,335,406,402,408,402,409,402,413,402,538,532,507,530,546,554,522,431,482,462,560,500,616,566,644,477,620,512,515,485]} 1. e4 e6 2. d4 d5 3. Nd2 Be7 4. Ngf3 Nf6 5. e5 Nfd7 6. c3 c5 7. Bd3 Nc6 8. O-O O-O 9. Re1 f6 10. exf6 Nxf6 11. Nf1 {C06: French Tarrasch: 3...Nf6 4 e5 Nfd7 5 Bd3 main lines} cxd4 12. cxd4 Qb6 13. Ng3 {LiveBook: 5 Games. White is slightly better.} (13. Re2 Kh8 14. Bb1 Bd7 15. Ng3 Bd6 16. b3 Rae8 17. Bb2 Re7 18. Ne5 Be8 {0-1 (26) Zherebukh,Y (2614)-Sadorra,J (2501) Fort Myers 2016}) 13... Kh8 14. Bc2 Bd6 15. b3 $146 ({Predecessor:} 15. a3 Re8 16. Ne5 Bxe5 17. dxe5 Nd7 18. Qh5 g6 19. Bxg6 Re7 20. Bg5 Rg7 21. Bd3 Ncxe5 22. Rxe5 Nxe5 23. Qe8+ {1-0 (23) Solombrino,G (1860)-Pellegrino,G (1380) Napoli 2014}) 15... a5 16. Be3 Nb4 17. Bb1 Bd7 18. Ne5 Qc7 19. a3 Nc6 {[%cal Bb4c6,Bc6e7,Be7f5][%mdl 32]} 20. f4 Ne7 21. Bd3 Nf5 22. Bf2 Rae8 23. Rc1 Qd8 24. a4 ({Reject} 24. Nxd7 Qxd7 25. Nxf5 exf5 $11) 24... Bb4 25. Re2 Nd6 26. Kh1 Re7 27. Be1 {And now Bxb4 would win.} Qb6 28. Bxb4 Qxb4 29. Bb1 Be8 30. Qd2 Qxb3 31. Qxa5 b6 32. Qa8 (32. Qe1 $14) 32... Rc7 33. Rce1 Rc8 34. Qa7 $36 {[%mdl 2048] Threatens to win with Qe7. White fights for an advantage.} Bxa4 (34... Ng8 $11) 35. Qe7 $14 Qb4 (35... Rcd8 $14) 36. Nd3 $1 $18 {[%cal Rd3b4]} (36. Qxe6 Bd7 $1 $19 {[%mdl 512]}) 36... Qxd4 {...Nfe4 is the strong threat.} 37. Qxd6 Bb5 38. Qe5 ({Weaker is} 38. Rxe6 Bxd3 39. Bxd3 Qxd3 $15) 38... Qxe5 39. fxe5 Ng4 {[#]} (39... Nd7 $16 {is a better defense.} 40. Rb2 Ba6) 40. Kg1 $1 Rc3 41. Rd2 Rb3 42. Rb2 Rxb2 43. Nxb2 Rf2 44. Nd3 Rd2 45. Nf4 Bd7 46. h3 Nh6 47. Rc1 Nf7 48. Nd3 Kg8 49. Nf1 Re2 50. Rc7 Be8 51. Re7 {[%cal Re7e8]} Bb5 52. Rxe6 g6 53. Rxb6 Bxd3 54. Bxd3 Rxe5 55. Kf2 Kg7 56. Ne3 Kf8 57. Rb5 d4 58. Rb8+ Kg7 59. Nc2 Rd5 60. Rb7 {White is clearly winning.} Rc5 61. Nxd4 {aiming for Ne6+.} Kf6 62. Rb6+ Ke7 63. Nf3 Nd6 64. Ra6 Nf7 65. Ke3 Rc8 66. h4 Rc3 67. Kd4 Rc8 68. g4 Rd8+ 69. Ke3 {Precision: White = 66%, Black = 35%.} 1-0

[Event "XIX Sants Open 2017"]
[Site "Cotxeres de Sants"]
[Date "2017.08.26"]
[Round "9"]
[White "Novikov, Stanislav"]
[Black "Collins, Sam E"]
[Result "1-0"]
[WhiteElo "2538"]
[BlackElo "2443"]
[Annotator "TA"]
[PlyCount "71"]
[EventDate "2017.??.??"]
[EventType "swiss"]
[EventCountry "ESP"]
[SourceTitle "playchess.com"]
[Source "ChessBase"]
[SourceQuality "1"]

{[%evp 9,71,2,10,-28,9,8,34,36,35,34,36,43,59,64,76,64,77,77,119,113,146,147,154,152,166,164,159,160,159,154,147,156,147,110,154,160,163,139,195,187,187,187,236,222,277,242,283,267,291,290,262,280,289,259,357,325,350,341,348,327,401,400,381,359]} 1. c4 e5 2. Nc3 Nf6 3. e3 Bb4 4. Nge2 O-O 5. a3 Be7 {LiveBook: 57 Games} 6. b4 {A22: English Opening: 1...e5 2 Nc3 Nf6} c6 7. d4 exd4 8. Nxd4 {White is slightly better.} d5 9. Bb2 dxc4 $146 ({Predecessor:} 9... a5 10. b5 c5 11. Nf3 Be6 12. cxd5 Nxd5 13. Qc2 Nxc3 14. Bxc3 Bf6 15. Rd1 Nd7 16. Bc4 Bxc4 17. Bxf6 Qxf6 18. Qxc4 Ne5 19. Nxe5 Qxe5 20. O-O b6 {½-½ (20) Seirawan,Y (2600)-Farago,I (2505) Lugano 1983}) 10. Bxc4 b5 11. Bd3 a5 12. bxa5 Rxa5 13. O-O Bb7 14. Qf3 Nbd7 15. Nf5 ({Don't go for} 15. Nxc6 $2 Bxc6 16. Qxc6 Ne5 $19) 15... b4 16. axb4 Ne5 17. Qg3 {[%csl Gf5][%cal Rg3g7] [#]} Nh5 18. Nxe7+ $40 {[%mdl 128] Black is in trouble.} Qxe7 19. Bxh7+ Kxh7 20. Qh3 Rxa1 21. Qxh5+ (21. Rxa1 $2 {too greedy.} g6 $19) 21... Kg8 22. Bxa1 {And now Ne4 would win.} f6 23. Rb1 c5 (23... Ba6 $16 24. b5 cxb5) 24. bxc5 $18 Bc6 25. Ne2 Qxc5 26. Bxe5 {Rc1 is the strong threat.} fxe5 27. Qg4 Bd5 28. Rc1 Qb6 29. Ng3 Qb2 {[#]} 30. Rf1 $1 Qb7 31. f3 Rc8 32. e4 Qb6+ 33. Kh1 Be6 34. Qg5 Qb2 35. Nh5 {[%csl Gh5][%cal Rg5g7]} Qb7 36. Qxe5 {Precision: White = 91%, Black = 40%.} 1-0

[Event "XIX Sants Open 2017"]
[Site "Cotxeres de Sants"]
[Date "2017.08.26"]
[Round "9"]
[White "Dobrov, Vladimir"]
[Black "Erdogdu, Mert"]
[Result "0-1"]
[WhiteElo "2510"]
[BlackElo "2415"]
[Annotator "TA"]
[PlyCount "62"]
[EventDate "2017.??.??"]
[EventType "swiss"]
[EventCountry "ESP"]
[SourceTitle "playchess.com"]
[Source "ChessBase"]
[SourceQuality "1"]

{[%evp 23,62,24,23,28,17,25,20,13,18,30,36,22,43,0,0,-20,-12,-47,-22,-34,-30,-77,-74,-58,-63,-70,-47,-115,-117,-117,-123,-396,-333,-396,-385,-525,-523,-476,-500,-5327,-2037]} 1. d4 Nf6 2. Nf3 g6 3. g3 Bg7 4. Bg2 d5 5. O-O O-O 6. c4 dxc4 7. Na3 c3 8. bxc3 c5 9. e3 Nc6 10. Qe2 Nd5 11. Bb2 Nb6 {D77: Fianchetto Grünfeld: 6 0-0: Replies other than 6...c6} 12. Rfd1 {[%cal Bf1d1,Bd1d2,Bd2b2,Bb2b5][%mdl 32]} Na4 {LiveBook: 4 Games} 13. Rac1 Nxb2 {White has an edge.} 14. Qxb2 Qb6 {[#]} 15. Rd2 $146 ({Predecessor:} 15. Qb5 cxd4 16. cxd4 Qxb5 17. Nxb5 Bd7 18. Rb1 Bf5 19. Rb2 {½-½ (66) Karpov,A (2679)-Leko,P (2745) Monte Carlo 2001}) 15... Qxb2 16. Rxb2 Rd8 17. Rb5 cxd4 18. Nxd4 a6 $36 {[%mdl 2048] Black has the initiative.} 19. Rb6 Na5 20. Bf3 Be5 21. Rb4 Ra7 22. Nc4 Nxc4 23. Rxc4 Bd7 24. a4 Bd6 $1 25. Rb1 ({White should play} 25. Rd1 $15) 25... e5 $17 26. Rb6 {[#]} Bh3 $1 27. Bxb7 $2 {[%mdl 8192]} (27. Nb3 $17) 27... exd4 28. cxd4 Rb8 29. Rxd6 {Be4 is the strong threat.} Raxb7 {Black is clearly winning.} 30. Rc1 {[#]} Rc7 $1 {[%cal Rc7c1][%mdl 512]} 31. Ra1 (31. Re1 $142 Rb2 32. e4) (31. Rxc7 Rb1+) 31... Rbc8 {Precision: White = 17%, Black = 80%.} 0-1

[Event "XIX Sants Open 2017"]
[Site "Cotxeres de Sants"]
[Date "2017.08.26"]
[Round "9"]
[White "Munoz, Miguel"]
[Black "Konguvel, Ponnuswamy"]
[Result "1/2-1/2"]
[WhiteElo "2497"]
[BlackElo "2383"]
[Annotator "TA"]
[PlyCount "101"]
[EventDate "2017.??.??"]
[EventType "swiss"]
[EventCountry "ESP"]
[SourceTitle "playchess.com"]
[Source "ChessBase"]
[SourceQuality "1"]

{[%evp 15,101,0,0,0,0,0,0,0,0,-15,0,-20,-29,-22,16,-15,0,-49,-49,-49,-67,-49,-41,-93,-43,-87,-20,-91,-91,-97,-26,-37,-31,-25,-25,-25,-31,-26,-23,-24,-27,-24,-26,-41,-38,-45,0,0,0,0,0,0,0,0,0,0,0,0,0,0,0,0,0,0,0,0,0,0,0,0,0,0,0,0,0,0,0,0,0,0,0,0,0,0,0,0,0,0]} 1. g3 g6 2. Bg2 Bg7 3. e4 c5 4. Ne2 Nc6 5. c3 e5 6. d3 Nge7 7. Be3 d6 8. O-O b6 {LiveBook: 3 Games. B20: Sicilian: Unusual White 2nd moves} (8... O-O 9. Nd2 b6 10. f4 d5 11. h3 exf4 12. gxf4 Re8 13. e5 Be6 14. d4 Qd7 15. Kh2 Nf5 16. Bf2 cxd4 17. Nxd4 Ncxd4 18. Bxd4 Nxd4 19. cxd4 {½-½ (38) Mamedyarov,S (2733)-Vachier Lagrave,M (2710) Beijing 2011}) 9. f4 d5 10. fxe5 {aiming for exd5.} d4 11. cxd4 cxd4 12. Bg5 O-O 13. Nd2 $146 ({Predecessor:} 13. Qa4 Nxe5 14. Qa3 Re8 15. Nd2 h6 16. Bf6 {1-0 (65) Gronn,A (2368)-Stokke,K (2385) Lillehammer 2013}) 13... Nxe5 14. Nf3 Ng4 15. Qb3 h6 16. Bxe7 (16. Bd2 {looks sharper.} Be6 17. Qa4 Bd7 18. Qb3 Nc6 19. Qd5) 16... Qxe7 17. Nf4 {Nxg6 is the strong threat.} Kh7 18. Rfe1 Bb7 19. Nd2 (19. Rac1 $15) 19... Rac8 20. Nc4 {[#]} Rfd8 ({Black should play} 20... Ne3 $1 $17 {[%mdl 512]} 21. Rac1 (21. Nxe3 dxe3) 21... Nxg2 22. Nxg2 g5) 21. a4 {[#]} (21. Bh3 $11 {keeps the balance.} h5 22. Rac1) 21... Ne3 $1 $17 {[%mdl 512]} 22. Nd5 (22. Nxe3 dxe3) 22... Nxd5 (22... Bxd5 $17 23. exd5 Qc5) 23. exd5 $11 Qc5 24. Qb5 {With the idea Qxc5.} Bxd5 25. Qxc5 Rxc5 ({Much weaker is} 25... bxc5 $6 26. Bxd5 Rxd5 27. Re7 $16) 26. Bxd5 Rcxd5 ({Reject} 26... Rdxd5 $6 27. Re7 $16) 27. Re7 R5d7 28. Rxd7 Rxd7 {[%mdl 4096] Endgame KRB-KRN} 29. b4 Bf8 30. b5 Bb4 31. Ne5 {The position is equal.} Rc7 32. Nc6 Bc3 33. Ra2 {[#]} a6 $1 {[%mdl 512]} 34. Re2 (34. bxa6 Rxc6) 34... axb5 35. axb5 Rd7 36. Re8 Kg7 37. Rb8 Ba5 38. Ra8 Rd5 39. Nxa5 bxa5 40. Rxa5 {KR-KR} h5 41. Kf2 Re5 42. h4 Kh6 43. Ra4 {And now Rb4 would win.} Rxb5 44. Rxd4 Kg7 45. Kf3 Kf6 46. Rd6+ Kf5 (46... Ke5 $5 {[%cal Re5d6]} 47. Ra6 Rc5 $11) 47. Rd4 f6 48. Rf4+ Ke6 49. Re4+ Kf5 50. Rf4+ Ke6 51. Rd4 {Precision: White = 66%, Black = 69%.} 1/2-1/2

[Event "XIX Sants Open 2017"]
[Site "Cotxeres de Sants"]
[Date "2017.08.26"]
[Round "9"]
[White "Valsecchi, Alessio"]
[Black "Diaz Camallonga, Carles"]
[Result "1-0"]
[WhiteElo "2493"]
[BlackElo "2437"]
[Annotator "TA"]
[PlyCount "101"]
[EventDate "2017.??.??"]
[EventType "swiss"]
[EventCountry "ESP"]
[SourceTitle "playchess.com"]
[Source "ChessBase"]
[SourceQuality "1"]

{[%evp 18,101,0,-4,8,-8,-3,-21,0,0,0,0,0,-36,-34,-31,-12,-9,0,-20,-19,-29,2,6,18,5,25,0,4,-24,0,0,16,3,79,16,13,0,0,0,30,-85,0,0,0,-75,93,94,90,89,93,85,93,81,110,110,195,183,215,243,229,265,263,114,129,118,172,175,168,165,171,173,177,170,232,243,333,333,353,310,495,481,452,427,29959,12851]} 1. d4 e6 2. c4 Nf6 3. Nc3 Bb4 4. e3 O-O 5. Bd3 d5 6. cxd5 exd5 7. Nge2 Re8 8. Bd2 {E48: Nimzo-Indian: Rubinstein: 5 Bd3 d5 including 6 Ne2, but excluding 6 a3} Bd6 (8... Bf8 9. O-O b6 10. Rc1 c5 11. Nf4 Bb7 12. Qf3 Na6 13. Rfd1 cxd4 14. exd4 Nc7 15. Bc2 Bd6 {1-0 (44) Carlsen,M (2832)-Karjakin,S (2781) Stavanger 2017}) 9. O-O a6 10. Rc1 {LiveBook: 26 Games. The position is equal.} Nbd7 11. f3 c5 12. Qe1 Nf8 $146 ({Predecessor:} 12... b5 13. a3 Bb7 14. Qh4 Rc8 15. g4 g6 {½-½ (72) Johansson,L (2448)-Rasmussen,A (2540) Vaxjo 2017}) 13. Qf2 b6 14. g4 Ne6 15. Kh1 g6 16. Bb1 Ra7 17. Rg1 Bb8 18. Qg2 Rae7 19. Rcf1 Ng7 20. Qf2 Re6 21. a3 Bb7 22. Ng3 R6e7 23. Nce2 Qd6 24. Rg2 Bc7 25. Rfg1 {With the idea Nf5!} Bc8 {[#]} (25... Kh8 $1 $11) 26. h3 (26. Nf5 $1 $16 {[%cal Rf5d6][%mdl 512]} Bxf5 (26... gxf5 27. gxf5) 27. gxf5) 26... a5 27. Nf4 Qc6 28. Nd3 Ba6 29. f4 {[#]} (29. Nf5 $11) 29... Bxd3 (29... Ne4 $1 $17 {[%cal Re4f2]} 30. Nxe4 dxe4) 30. Bxd3 $11 Qd7 31. Nf5 (31. Bb1 $11 {remains equal.}) 31... Ne4 $2 ({Wrong is} 31... gxf5 $2 32. gxf5 Nfh5 33. Qh4 $18) (31... Nxf5 $17 {keeps the pressure on.} 32. gxf5 cxd4 33. exd4 Ne4 34. Bxe4 Rxe4 35. fxg6 fxg6) 32. Nxe7+ $16 Rxe7 33. Bxe4 Rxe4 34. dxc5 bxc5 35. Qf3 a4 36. Rd1 {Threatens to win with Ba5!} Qe6 (36... Ne8 $16 {keeps fighting.}) 37. f5 $18 Qe5 38. Bc3 d4 39. exd4 cxd4 40. Rxd4 (40. Bd2 $18) 40... Rxd4 $16 41. Qa8+ $40 {[%mdl 128] White goes for the king.} Ne8 (41... Bd8 $16 {was worth a try.} 42. Qxd8+ Rxd8 43. Bxe5 Re8) 42. Bxd4 $18 Qxd4 43. Qxe8+ {[%mdl 4096] Endgame KQR-KQB} Kg7 {( -> ...Qd1+)} 44. Qc6 Be5 45. Qf3 Qc4 (45... g5 $142 46. Re2 Bf6) 46. Rf2 {And now f6+ would win.} f6 47. Kg2 Qc1 48. Qe4 Kh6 (48... g5 $142 49. Re2 (49. Qxa4 Qe3 $16) 49... Qd1) 49. fxg6 hxg6 50. h4 Bxb2 (50... Qc7 $18 51. Re2 Qd7 52. g5+ Kg7) 51. Rc2 {Precision: White = 47%, Black = 29%.} 1-0

[Event "XIX Sants Open 2017"]
[Site "Cotxeres de Sants"]
[Date "2017.08.26"]
[Round "9"]
[White "Praggnanandhaa R"]
[Black "Svetushkin, Dmitry"]
[Result "1/2-1/2"]
[WhiteElo "2487"]
[BlackElo "2558"]
[Annotator "TA"]
[PlyCount "34"]
[EventDate "2017.??.??"]
[EventType "swiss"]
[EventCountry "ESP"]
[SourceTitle "playchess.com"]
[Source "ChessBase"]
[SourceQuality "1"]

{[%evp 21,34,21,29,15,20,12,17,2,45,8,18,14,15,8,8]} 1. e4 e5 2. Nf3 Nc6 3. Bc4 Bc5 4. O-O Nf6 5. d3 a6 6. c3 d6 7. a4 {C54: Giuoco Piano: 4 c3 Nf6, main lines with 5 d4 and 5 d3} Ba7 8. Re1 O-O 9. h3 h6 10. Nbd2 {[%cal Bb1d2,Bd2f1,Bf1e3][%mdl 32]} Re8 11. b4 Be6 {LiveBook: 21 Games} 12. Bxe6 Rxe6 13. Nf1 d5 14. Qc2 {[#]} b5 $146 ({Find the theoretical novelty and annotate with similar games:} 14... d4) 15. axb5 axb5 {[#] White must now prevent ...Bxf2+!The position is equal.} 16. Be3 Bxe3 17. Nxe3 {Strongly threatening Rxa8.} Ne7 1/2-1/2

[Event "XIX Sants Open 2017"]
[Site "Cotxeres de Sants"]
[Date "2017.08.26"]
[Round "9"]
[White "Trent, Lawrence"]
[Black "Vera Siguenas, Deivy"]
[Result "1-0"]
[WhiteElo "2439"]
[BlackElo "2525"]
[Annotator "TA"]
[PlyCount "105"]
[EventDate "2017.??.??"]
[EventType "swiss"]
[EventCountry "ESP"]
[SourceTitle "playchess.com"]
[Source "ChessBase"]
[SourceQuality "1"]

{[%evp 12,105,38,37,67,65,64,51,83,100,110,75,86,33,39,6,40,-7,0,0,13,11,11,12,21,21,14,20,11,23,58,43,48,42,50,41,71,23,98,106,100,58,54,32,118,120,110,16,54,29,20,25,124,46,46,46,46,45,43,43,44,45,43,43,139,41,213,212,498,526,541,535,542,541,531,516,515,510,493,438,420,394,871,844,999,1090,2163,2103,29974,4606,29986,29987,29987,29984,29984,29984]} 1. c4 Nf6 2. Nc3 e6 3. e4 c5 4. e5 Ng8 5. Nf3 Nc6 6. d4 cxd4 7. Nxd4 {LiveBook: 257 Games} Bb4 {A19: English Opening: Flohr-Mikenas System with 3...c5} (7... Nxe5 8. Ndb5 a6 9. Nd6+ Bxd6 10. Qxd6 f6 11. Be3 Ne7 12. Bb6 Nf5 13. Qb4 Qe7 14. Qxe7+ Nxe7 15. O-O-O d5 16. Be2 Kf7 17. b3 dxc4 18. bxc4 Nd7 19. Bc7 b6 20. Bf3 Ra7 21. Rxd7 Bxd7 22. Bxb6 Raa8 23. Bxa8 Rxa8 {½-½ (23) Gajewski,G (2634)-Gharamian,T (2626) Chartres 2017}) 8. Nxc6 bxc6 9. Bd2 f5 $146 {White is slightly better.} ({Predecessor:} 9... d6 10. exd6 Qxd6 11. Be2 Nf6 12. O-O O-O 13. Qc2 Rb8 14. Rad1 Ba5 15. Rfe1 {1-0 (26) Perik,A (1920)-Mrazek,T Most 1999}) 10. Qh5+ Kf8 11. h4 {[%cal Bh2h4,Bh4h5][%mdl 32]} d5 12. Qd1 (12. exd6 $16 Bxd6 13. Bg5) 12... Ne7 $14 13. h5 h6 14. Na4 Qa5 {And now ...Bxd2+ would win.} 15. b3 dxc4 (15... Rb8 $5 {[%cal Rd5c4]} 16. Nb2 Kf7 $15) 16. Bxb4 Qxb4+ 17. Qd2 Qxd2+ 18. Kxd2 cxb3 19. axb3 Kf7 20. Nb6 $36 {[%mdl 2048] White has good play.} Rb8 21. Nc4 $1 {[%cal Rc4d6][%mdl 1024] White has compensation.} Rd8+ 22. Nd6+ Kf8 23. Bc4 c5 24. f4 ({Don't blunder} 24. Rxa7 $2 Nc6 $19) 24... Nc6 (24... Bb7 $11) 25. Kc3 $16 Bd7 26. Ra6 (26. Rhg1 {feels hotter.} Be8 27. Nxe8 Rxe8 28. Ra6 Nd4 29. Ra5) 26... Rb6 27. Rha1 Rxa6 (27... Rdb8 $14) 28. Bxa6 ({Reject} 28. Rxa6 $6 Rb8 $11) 28... Rb8 29. Bb7 ({White should try} 29. Nb7 $16) 29... a5 30. Kc4 Nd8 31. Bf3 Nc6 (31... Rb4+ $11 32. Kxc5 Rxb3) 32. Kxc5 ({White should play} 32. Ra3 $1 $16) 32... Rxb3 $14 33. Bxc6 Rc3+ 34. Kd4 Rxc6 35. Rxa5 {[%mdl 4096] Endgame Black must now prevent Ra8+. KRB-KRN} Rc2 36. Ra8+ Ke7 {[#]} 37. g4 $1 {[%mdl 512] Strongly threatening Rg8.} Rg2 {[#]} (37... Rd2+ $14 38. Ke3 Rg2) (37... fxg4 38. Rg8) 38. gxf5 (38. g5 $1 $16 {[%mdl 512]} hxg5 39. Rg8 gxf4 40. h6 $1 {[%mdl 512]} Rd2+ 41. Kc3) 38... exf5 $2 (38... Rg4 $1 $14) 39. Ra7 $18 Ke6 $2 {[#]} (39... Rd2+ {was worth a try.} 40. Kc3 Rxd6) 40. Nb7 $1 Rd2+ 41. Kc3 Rd5 42. Kc4 {White threatens Nd8+ and mate.} Bb5+ 43. Kb4 Kd7 44. Nd6+ Kc6 {intending ...Rd4+.} 45. Nxf5 {Threatening mate with Ne7+.} Rd1 46. Rxg7 Bd3 $2 (46... Rb1+ 47. Kc3 Rc1+ 48. Kd2 Rc4) 47. Ne7+ Kd7 48. f5 Re1 49. Kc5 Ke8 50. e6 (50. Kd6 $142 Bc4 51. e6 Rd1+ 52. Ke5 Rf1 53. Nc6 Re1+ 54. Kf6 Bxe6 55. fxe6 Rf1+ 56. Ke5) 50... Kf8 51. Rf7+ {White mates.} Ke8 52. Ng6 {[%csl Gg6][%cal Rf7f8]} Kd8 53. Rd7+ {Precision: White = 53%, Black = 28%.} 1-0